| 000 | 00373cam a22001217a 4500 | ||
|---|---|---|---|
| 008 | 180718b1997 xxu||||| |||| 00| 0 eng d | ||
| 100 | _aJenings, Ivar | ||
| 245 |
_aBritish sanvidhaan (Hindi) _cby Ivar Jenings and Omprakash Gaba |
||
| 260 |
_aDelhi _bHindi Madhyam Karyanvay Nideshalya _c1997 |
||
| 300 | _a220p. | ||
| 650 | _aConstitution-british | ||
| 700 | _aGaba, Omprakash | ||
| 999 |
_c405887 _d405887 |
||